000 00836nam a2200229 i 4500
001 31332
003 ES-MaACL
005 20231227160937.0
007 t|
008 030128s1969 sp |||| | spa d
100 1 _aBenavente, Jacinto,
_d1866-1954
_927443
245 1 0 _aJacinto Benavente
_b: estudio y antología /
_cpor Mariano Sánchez de Palacios.
260 _aMadrid :
_bCompañía Bibliográfica Española,
_c[1969]
300 _a222 p. ;
_c19 cm.
490 1 _aUn autor en un libro ;
_v31
600 1 7 _aBenavente, Jacinto,
_d1866-1954-
_xCrítica e interpretación
_2
_9169710
700 1 _aSánchez de Palacios, Mariano,
_d1906-1990
_9102595
710 2 _aCompañía Bibliográfica Española.
_9171207
830 1 _aUn autor en un libro ;
_v31
_9182717
852 _aES-MaACL
_jC-35617
999 _c31332
_d31332